Derecho Concursal. Tomo II, concurso preventivo /
Guardado en:
| Autor Principal: | |
|---|---|
| Otros Autores: | , , , |
| Formato: | Libro |
| Idioma: | Spanish |
| Publicado: |
Buenos Aires :
La Ley,
2014
|
| Edición: | 2a. ed. act. y amp. |
| Materias: | |
| Etiquetas: |
Agregar Etiqueta
Sin Etiquetas, Sea el primero en etiquetar este registro!
|
| LEADER | 00646nam a22002055a 4500 | ||
|---|---|---|---|
| 001 | DER.der012648 | ||
| 008 | 180615s2014####ag#||||||||||||||#||spa|| | ||
| 005 | 20251113152159.0 | ||
| 245 | 1 | 0 | |a Derecho Concursal. |n Tomo II, |p concurso preventivo / |c Julio César Rivera. |
| 250 | |a 2a. ed. act. y amp. | ||
| 260 | |a Buenos Aires : |b La Ley, |c 2014 | ||
| 300 | |a 712 p. | ||
| 020 | |a 9789870325925 | ||
| 100 | 1 | |a Rivera, Julio César | |
| 700 | 1 | |a Casadio Martinez, Claudio Alfredo | |
| 700 | 1 | |a Di Tullio, José A. | |
| 700 | 1 | |a Graziabile, Dario J. | |
| 700 | 1 | |a Ribera, Carlos E. | |
| 650 | 7 | |a QUIEBRA | |
| 859 | |a DERECHO |b BIB. DERECHO |h 346.078 |i RIV |p 007497 |3 Tomo II | ||
